Temas de estrategia naval
Saved in:
| 主要作者: | |
|---|---|
| 格式: | 圖書 |
| 語言: | 西班牙语 |
| 出版: |
Valparaíso
Academia de Guerra Naval
1993
|
| 主題: | |
| 標簽: |
添加標簽
沒有標簽, 成為第一個標記此記錄!
|
MARC
| LEADER | 00000nam a2200000 a 4500 | ||
|---|---|---|---|
| 001 | UCP8039 | ||
| 003 | CL-VaPUC | ||
| 008 | 000106e19930000CL |||||||||||||||||spa|d | ||
| 082 | 0 | 4 | |a 359.42 |b JUS |2 21 |
| 100 | 0 | |a Justiniano A., Horacio |e author |9 437861 | |
| 245 | 1 | 0 | |a Temas de estrategia naval |
| 300 | |a 479 p | ||
| 942 | |c BK | ||
| 945 | |d 20000106 00:00:00 |a crobeson | ||
| 260 | |a Valparaíso |b Academia de Guerra Naval |c 1993 | ||
| 650 | 7 | |a ESTRATEGIAS NAVALES |2 CL-VaPUC |9 391815 | |
| 650 | 0 | |a Operaciones militares |9 372045 | |
| 650 | 7 | |a POLITICA DE DEFENSA |2 CL-VaPUC |9 336840 | |
| 650 | 0 | |a Guerra Fría |9 319648 | |
| 650 | 7 | |a PODER NAVAL |2 CL-VaPUC |9 408186 | |
| 583 | |a last modification |c 20000106 00:00:00 |k Rodrigo Vera | ||
| 999 | |c 285074 |d 285072 | ||
| 952 | |0 0 |1 0 |4 0 |6 359_420000000000000_JUS_1993 |7 0 |8 A |9 329443 |a BIBHIS |b BIBHIS |d 2019-11-20 |i 1374613 |o 359.42 JUS 1993 |p 1374613 |r 2025-01-20 |w 2019-11-20 |y BK |k HIS | ||